Oslava 70.výročia založenia univerzity a 50. výročie našej katedry
Salvato in:
| Autore principale: | |
|---|---|
| Natura: | Capitolo di libro |
| Lingua: | slovacco |
| Tags: |
Nessun Tag, puoi essere il primo ad aggiungerne!!
|
MARC
| LEADER | 00000nla$a2200000$$$4500 | ||
|---|---|---|---|
| 001 | 0115678 | ||
| 005 | 20240502072304.8 | ||
| 041 | 0 | |a slo | |
| 044 | |a SK | ||
| 245 | 1 | 0 | |a Oslava 70.výročia založenia univerzity a 50. výročie našej katedry |c František Peller |
| 100 | 1 | |a Peller, František | |